Text book of hydraulic machines (Record no. 10732)

000 -LEADER
fixed length control field 00441nam a22001817a 4500
001 - CONTROL NUMBER
control field 10732
003 - CONTROL NUMBER IDENTIFIER
control field BD-DhUET
008 - FIXED-LENGTH DATA ELEMENTS--GENERAL INFORMATION
fixed length control field 150209b xxu||||| |||| 00| 0 eng d
040 ## - CATALOGING SOURCE
Transcribing agency 0
Modifying agency BD-DhUET
082 ## - DEWEY DECIMAL CLASSIFICATION NUMBER
Classification number 621.2
Item number KHU/1985
100 ## - MAIN ENTRY--PERSONAL NAME
Personal name Khurmi, R. S.
245 ## - TITLE STATEMENT
Title Text book of hydraulic machines
250 ## - EDITION STATEMENT
Edition statement 14th ed.
260 ## - PUBLICATION, DISTRIBUTION, ETC. (IMPRINT)
Place of publication, distribution, etc. New Delhi
Name of publisher, distributor, etc. S. Chand
Date of publication, distribution, etc. 1985
300 ## - PHYSICAL DESCRIPTION
Extent vii, v.p.
Other physical details ill.
650 #0 - SUBJECT ADDED ENTRY--TOPICAL TERM
Topical term or geographic name as entry element Hydraulic Machines
942 ## - ADDED ENTRY ELEMENTS (KOHA)
Koha item type General Book
Holdings
Piece designation (barcode) Damaged status Shelving location Source of classification or shelving scheme Price effective from Koha item type Lost status Location (home branch) Not for loan Koha full call number Date acquired Sublocation or collection (holding branch) Koha normalized classification for sorting Withdrawn status Koha date last seen Copy number
64129 Circulation section 2015-02-09General Book Central Library, BUET 621.2/KHU/19852015-02-09Central Library, BUET621_200000000000000_KHU_1985 2015-02-091
64154 Circulation section 2015-02-09General Book Central Library, BUET 621.2/KHU/19852015-02-09Central Library, BUET621_200000000000000_KHU_1985 2015-02-092
64142 Circulation section 2015-02-09General Book Central Library, BUET 621.2/KHU/19852015-02-09Central Library, BUET621_200000000000000_KHU_1985 2015-02-093
56685 Circulation section 2015-02-09General Book Central Library, BUET 621.2/KHU/19852015-02-09Central Library, BUET621_200000000000000_KHU_1985 2015-02-094
64155 Circulation section 2015-02-09General Book Central Library, BUET 621.2/KHU/19852015-02-09Central Library, BUET621_200000000000000_KHU_1985 2015-06-225
64132 Circulation section 2015-02-09General Book Central Library, BUET 621.2/KHU/19852015-02-09Central Library, BUET621_200000000000000_KHU_1985 2015-02-096
64136 Circulation section 2015-02-09General Book Central Library, BUET 621.2/KHU/19852015-02-09Central Library, BUET621_200000000000000_KHU_1985 2015-02-097
64153 Circulation section 2015-02-09General Book Central Library, BUET 621.2/KHU/19852015-02-09Central Library, BUET621_200000000000000_KHU_1985 2015-02-098
64134 Circulation section 2015-02-09General Book Central Library, BUET 621.2/KHU/19852015-02-09Central Library, BUET621_200000000000000_KHU_1985 2015-02-099
64150 Circulation section 2015-02-09General Book Central Library, BUET 621.2/KHU/19852015-02-09Central Library, BUET621_200000000000000_KHU_1985 2015-02-0910
64137 Circulation section 2015-02-09General Book Central Library, BUET 621.2/KHU/19852015-02-09Central Library, BUET621_200000000000000_KHU_1985 2015-02-0911
64139 Circulation section 2015-02-09General Book Central Library, BUET 621.2/KHU/19852015-02-09Central Library, BUET621_200000000000000_KHU_1985 2015-02-0912